000 00205 a2200097 4500
001 45955
100 _aAdamson J
245 _aBorn free
260 _aLondon
_bCollins & Harvill
_c
090 _c29072
_d29072
942 _aNUST-CAE
_cM
_c21194
999 _c281028
_d281028